000
00279nam a2200121Ia 4500
008
190216s9999||||xx |||||||||||||| ||und||
100
_a
Shivanarayana Chaudari
245
0
_a
Hindi-Prerana Sresht
260
_b
Ashitha Prakashan
300
_a
103
650
_a
Hindi
942
_c
BK
999
_c
16296
_d
16296